[Event "Basso Veronese op 4th"]
[Site "Casaleone"]
[Date "2011.06.04"]
[Round "4"]
[White "Boscolo Gnolo, Michele"]
[Black "Bertani, Gianfranco"]
[Result "0-1"]
[WhiteElo "1816"]
[BlackElo "2063"]
[PlyCount "102"]
[EventDate "2011.05.28"]
[EventType "swiss"]
[EventRounds "6"]
[EventCountry "ITA"]
[SourceTitle "EXT 2023"]
[Source "ChessBase"]
[SourceDate "2022.10.05"]
[SourceVersion "1"]
[SourceVersionDate "2022.10.05"]
[SourceQuality "1"]

1. d4 f5 2. g3 Nf6 3. c4 e6 4. Bg2 c6 5. Nh3 Be7 6. 0-0 0-0 7. b3 a5 8. Bb2 d5 9. Nd2 Na6 10. Nf4 Qe8 11. Nf3 Ne4 12. Ne5 g5 13. Nfd3 b6 14. a3 Bb7 15. cxd5 cxd5 16. Rc1 Bd6 17. Rc2 Qb5 18. f3 Nf6 19. Qd2 h6 20. h4 Nh7 21. hxg5 hxg5 22. Rc3 Rfc8 23. Rfc1 Qe8 24. e3 Nc7 25. a4 Na6 26. Rxc8 Rxc8 27. Rxc8 Qxc8 28. Qc3 Qe8 29. Bf1 Nb4 30. Nxb4 axb4 31. Qd2 Nf6 32. Bd3 g4 33. f4 Ne4 34. Qh2 Kg7 35. Bb5 Qe7 36. Qg2 Bxe5 37. fxe5 Ng5 38. Kf1 Kg8 39. Qh2 Kg7 40. Qg2 Nf3 41. Qc2 Kg6 42. Qg2 Qc7 43. Bd3 Qh7 44. Bc1 Qh6 45. Bd2 Nxd2+ 46. Qxd2 Qh1+ 47. Ke2 Qf3+ 48. Ke1 Qxg3+ 49. Kd1 Qg1+ 50. Kc2 g3 51. Qxb4 Qf2+ 0-1